[Event "16th 4NCL Congress"]
[Site "Coventry"]
[Date "2017.11.04"]
[Round "2"]
[Board "9"]
[White "Vann, Richard P"]
[Black "Mycock, Ken"]
[Result "1-0"]
[WhiteElo "1930"]
[BlackElo "1780"]
[PlyCount "109"]
[EventDate "2017.11.03"]
[EventRounds "5"]
[EventCountry "ENG"]

1. d4 f5 2. Bg5 g6 3. Nc3 Bg7 4. e4 fxe4 5. Nxe4 Nf6 6. Ng3 O-O 7. Nf3 d6 8. h3
Qe8 9. Bc4+ Kh8 10. O-O Qc6 11. Bb3 h6 12. d5 Qe8 13. Be3 e6 14. c4 e5 15. Bc2
e4 16. Nd4 a6 17. Qd2 Kh7 18. Rae1 c5 19. dxc6 Nxc6 20. Nxc6 Qxc6 21. b3 Bf5
22. Bd4 d5 23. Bxf6 Qxf6 24. cxd5 Qb2 25. Nxf5 gxf5 26. Re2 Qxa2 27. Rxe4 Qb2
28. Rb1 Qxb1+ 29. Bxb1 fxe4 30. Bxe4+ Kh8 31. d6 Rab8 32. Bc2 b6 33. Qd3 Kg8
34. Qxa6 Rfd8 35. Qd3 Kf8 36. Qd5 Rd7 37. Bh7 Rf7 38. Bg6 Rf6 39. Bd3 Rd8 40.
Bc4 Rdxd6 41. Qg8+ Ke7 42. Qxg7+ Ke8 43. Bb5+ Kd8 44. Qg8+ Kc7 45. Qa8 Rd1+ 46.
Kh2 Rfd6 47. Ba6 Kd7 48. Be2 R1d2 49. Bg4+ Ke7 50. Qe4+ Kd8 51. f4 R6d4 52.
Qa8+ Ke7 53. Qb7+ Ke8 54. Bh5+ Kd8 55. Qxb6+ 1-0

[Event "16th 4NCL Congress"]
[Site "Coventry"]
[Date "2017.11.04"]
[Round "2"]
[Board "10"]
[White "Pink, Joshua"]
[Black "Guha, Chirag"]
[Result "1/2-1/2"]
[WhiteElo "1925"]
[BlackElo "1768"]
[PlyCount "87"]
[EventDate "2017.11.03"]
[EventRounds "5"]
[EventCountry "ENG"]

1. e4 e5 2. Nf3 Nc6 3. Bb5 f5 4. d3 fxe4 5. dxe4 Nf6 6. O-O Bc5 7. Bxc6 bxc6 8.
Qe2 Qe7 9. Be3 Bxe3 10. Qxe3 O-O 11. Nbd2 Re8 12. Rfe1 d6 13. h3 Nh5 14. Qg5
Qf7 15. g3 Bxh3 16. Qh4 Bd7 17. Kg2 Qg6 18. Rh1 Nf6 19. c4 Bg4 20. Nh2 Nxe4 21.
Nxg4 Nxd2 22. Rae1 Rf8 23. Re3 Nxc4 24. Nh6+ gxh6 25. Qxc4+ d5 26. Qe2 e4 27.
Rh4 Kh8 28. Qd2 Qf6 29. Ra3 Rae8 30. Rxh6 Qg7 31. Rxc6 d4 32. Rc2 Qe5 33. Ra5
Qf6 34. Qd1 e3 35. f4 Qd6 36. Qd3 c5 37. Rxa7 Qd5+ 38. Kg1 Qe4 39. Qxe4 Rxe4
40. Rh2 Rf6 41. Rhxh7+ Kg8 42. Rhg7+ Kf8 43. Rh7 Kg8 44. Rhg7+ 1/2-1/2

[Event "16th 4NCL Congress"]
[Site "Coventry"]
[Date "2017.11.04"]
[Round "2"]
[Board "11"]
[White "Varney, Daniel"]
[Black "Goodhead, James W"]
[Result "1/2-1/2"]
[WhiteElo "1746"]
[BlackElo "1896"]
[PlyCount "46"]
[EventDate "2017.11.03"]
[EventRounds "5"]
[EventCountry "ENG"]

1. e4 e5 2. Nf3 Nc6 3. Bc4 Bc5 4. c3 Nf6 5. d4 Bb6 6. dxe5 Nxe4 7. Qd5 O-O 8.
Qxe4 d5 9. Qxd5 Qe8 10. Bd3 Be6 11. Qe4 f5 12. Qh4 Rd8 13. Ng5 h6 14. Nxe6 Rxd3
15. Qc4 Nxe5 16. Qb3 Ng4 17. O-O Kh8 18. Nxf8 Nxf2 19. Bd2 Ng4+ 20. Kh1 Qh5 21.
Bf4 Nf2+ 22. Kg1 Nh3+ 23. Kh1 Nf2+ 1/2-1/2

[Event "16th 4NCL Congress"]
[Site "Coventry"]
[Date "2017.11.04"]
[Round "2"]
[Board "12"]
[White "Quraishi, Shahab Ua"]
[Black "Davies, Sam"]
[Result "1/2-1/2"]
[WhiteElo "1892"]
[BlackElo "1731"]
[PlyCount "75"]
[EventDate "2017.11.03"]
[EventRounds "5"]
[EventCountry "ENG"]

1. e4 c6 2. d4 d5 3. Nc3 dxe4 4. Nxe4 Bf5 5. Ng3 Bg6 6. Nf3 e6 7. h4 h6 8. h5
Bh7 9. Bc4 Nf6 10. c3 Bd6 11. Ne2 O-O 12. Bf4 Qc7 13. Bxd6 Qxd6 14. Ng3 Nbd7
15. Qe2 Nb6 16. Ne5 Nxc4 17. Nxc4 Qc7 18. O-O Nd5 19. Rfe1 Nf4 20. Qf3 Nd3 21.
Re2 Qf4 22. Qxf4 Nxf4 23. Rd2 Rfd8 24. Na5 Rd7 25. f3 Rc8 26. c4 b6 27. Nb3
Rcd8 28. Rad1 e5 29. dxe5 Rxd2 30. Rxd2 Rxd2 31. Nxd2 Nd3 32. b3 Nxe5 33. Kf2
Kf8 34. Ke3 Ke7 35. Nde4 Ke6 36. a3 Nd7 37. b4 Nf6 38. Nxf6 1/2-1/2

[Event "16th 4NCL Congress"]
[Site "Coventry"]
[Date "2017.11.04"]
[Round "2"]
[Board "13"]
[White "Abbott, Mark V"]
[Black "Dunkley, Michael"]
[Result "1-0"]
[WhiteElo "1867"]
[BlackElo "1713"]
[PlyCount "161"]
[EventDate "2017.11.03"]
[EventRounds "5"]
[EventCountry "ENG"]

1. d4 d5 2. c4 c6 3. Nc3 Nf6 4. cxd5 cxd5 5. Bf4 a6 6. e3 Nc6 7. Bd3 e6 8. Rc1
Be7 9. Nf3 O-O 10. h3 Bd7 11. O-O Rc8 12. Qe2 Qa5 13. Nd2 Rfd8 14. a3 Na7 15.
Rc2 Nb5 16. Rfc1 Nxc3 17. Rxc3 Rxc3 18. Rxc3 Rc8 19. Nb3 Qb6 20. Rxc8+ Bxc8 21.
Qc2 Bd7 22. Be5 h6 23. Bc7 Qa7 24. Be5 Qb6 25. Nc5 Bb5 26. Bxf6 Bxf6 27. Qb3
Qc6 28. Bxb5 axb5 29. a4 bxa4 30. Nxa4 Be7 31. Kf1 Kf8 32. Ke2 Ke8 33. Kd2 Kd7
34. Nb6+ Kc7 35. Na8+ Kb8 36. Nb6 Kc7 37. Na4 b5 38. Nc3 b4 39. Na2 Qb5 40. Qd3
Qxd3+ 41. Kxd3 Kb6 42. f3 f6 43. e4 Kc6 44. Nc1 Kd6 45. Nb3 Kc6 46. g4 g5 47.
Nd2 Bd6 48. Nf1 Kb5 49. b3 Kc6 50. Ne3 Bf8 51. exd5+ exd5 52. Nf5 Kd7 53. Ke3
Ke6 54. Ng3 Bd6 55. Ne2 Bf8 56. f4 Be7 57. Nc1 Bf8 58. Nd3 Kd7 59. Nc5+ Ke7 60.
fxg5 hxg5 61. Na6 Ke6 62. Nc7+ Kd6 63. Ne8+ Ke7 64. Nc7 Kd6 65. Na6 Ke6 66.
Nc5+ Kd6 67. Kf3 Ke7 68. Kg3 Kf7 69. Nd3 Bd6+ 70. Kf3 Bf8 71. h4 gxh4 72. Nf4
Bh6 73. Nxd5 Bd2 74. Nc7 Bc3 75. Nb5 Ke6 76. Ke4 h3 77. d5+ Kd7 78. Kf3 Be5 79.
Na7 Kd6 80. Nc6 Kxd5 81. Nxb4+ {Both scoresheets now conclude with 81...Bd6 82
Nd3 Kd4 83 Nf2 h2 84 Kg2 Ke3 85 Ne4+ Kxb3 86 Nxd6 1-0} 1-0

[Event "16th 4NCL Congress"]
[Site "Coventry"]
[Date "2017.11.04"]
[Round "2"]
[Board "14"]
[White "Makkar, Rajat"]
[Black "David, Ivan"]
[Result "0-1"]
[WhiteElo "1677"]
[BlackElo "1848"]
[PlyCount "160"]
[EventDate "2017.11.03"]
[EventRounds "5"]
[EventCountry "ENG"]

1. d4 Nf6 2. c4 d6 3. Nc3 Nbd7 4. e4 e5 5. Nf3 c6 6. Be2 Be7 7. O-O O-O 8. h3
Re8 9. Be3 Qc7 10. Rc1 Bf8 11. d5 c5 12. a3 a6 13. b4 b6 14. Nh4 g6 15. Nf3 Bg7
16. Bd3 Rf8 17. Qb3 Nh5 18. Qb1 Nf4 19. Ne2 Nxe2+ 20. Bxe2 Nf6 21. Nd2 Nd7 22.
Bg4 h5 23. Be2 Re8 24. a4 Rb8 25. Qa2 a5 26. b5 Qd8 27. Qc2 Qe7 28. Nf3 Nf8 29.
Bg5 Bf6 30. Bh6 Nh7 31. Qd2 Bg7 32. Bg5 Nxg5 33. Qxg5 Qxg5 34. Nxg5 Bh6 35. h4
f6 36. Nf3 Bxc1 37. Rxc1 Bg4 38. Re1 Bxf3 39. Bxf3 Kg7 40. g3 Rf8 41. Bd1 Rbe8
42. f3 Kh6 43. Kg2 f5 44. Bc2 fxe4 45. Bxe4 g5 46. hxg5+ Kxg5 47. Rh1 Rh8 48.
Rh4 Ref8 49. Kg1 Rh6 50. Kg2 Rhf6 51. Kf2 Rf4 52. gxf4+ Kxh4 53. fxe5 dxe5 54.
Kg2 Kg5 55. Kg3 Rf4 56. Kh3 Kf6 57. Kg3 Ke7 58. Kh3 Kd6 59. Kg3 Rf7 60. Kh3 Rg7
61. Kh2 Ke7 62. Bf5 Rg5 63. Be4 Kf6 64. Bd3 h4 65. Be2 e4 66. fxe4 Rg3 67. d6
Ke5 68. d7 Rg8 69. Kh3 Kxe4 70. Kxh4 Kf5 71. Bh5 Ke6 72. Bg4+ Ke7 73. Kg3 Rf8
74. Bh3 Rf6 75. Bg4 Rf1 76. Bh3 Ra1 77. Kf4 Rxa4 78. Be6 Ra1 79. Bf5 Rd1 80.
Ke5 Rd6 0-1

[Event "16th 4NCL Congress"]
[Site "Coventry"]
[Date "2017.11.04"]
[Round "2"]
[Board "15"]
[White "Lovell, William Pm"]
[Black "Hymer, Barry J"]
[Result "1/2-1/2"]
[WhiteElo "1635"]
[BlackElo "1809"]
[PlyCount "43"]
[EventDate "2017.11.03"]
[EventRounds "5"]
[EventCountry "ENG"]

1. d4 g6 2. Nf3 Bg7 3. Bf4 d6 4. e3 Nd7 5. c3 e5 6. Bg3 e4 7. Nfd2 Ngf6 8. Be2
O-O 9. O-O d5 10. h3 Re8 11. Nb3 a5 12. a4 b6 13. Na3 c6 14. Rc1 Nf8 15. c4 Bd7
16. c5 Ne6 17. Bd6 Bf8 18. Bxf8 Rxf8 19. Nb1 Rb8 20. Qd2 bxc5 21. Nxc5 Qb6 22.
b3 1/2-1/2

[Event "16th 4NCL Congress"]
[Site "Coventry"]
[Date "2017.11.04"]
[Round "2"]
[Board "16"]
[White "Goodfellow, Russell R"]
[Black "See, Tristian"]
[Result "1/2-1/2"]
[WhiteElo "1804"]
[BlackElo "1683"]
[PlyCount "114"]
[EventDate "2017.11.03"]
[EventRounds "5"]
[EventCountry "ENG"]

1. e4 c5 2. Nf3 Nc6 3. d4 cxd4 4. Nxd4 Nf6 5. Nc3 d6 6. a4 a6 7. Be2 e5 8. Nb3
Be6 9. f3 Be7 10. Be3 O-O 11. Qd2 d5 12. exd5 Nxd5 13. Nxd5 Bxd5 14. O-O Bxb3
15. cxb3 Qxd2 16. Bxd2 Nd4 17. Bc4 b5 18. axb5 axb5 19. Rxa8 Rxa8 20. Bd3 Nxb3
21. Bc3 Bc5+ 22. Kh1 Nd4 23. Bxd4 exd4 24. b3 b4 25. g4 Ra2 26. Rc1 Ra5 27. Rc2
g6 28. Kg2 Kf8 29. f4 Bd6 30. Kf3 h5 31. h3 hxg4+ 32. hxg4 Ke7 33. Re2+ Kf8 34.
Ke4 Ra8 35. f5 gxf5+ 36. gxf5 Ra3 37. Bc4 Ra5 38. Rf2 f6 39. Rf3 Be5 40. Be6
Rc5 41. Bc4 Ra5 42. Rh3 Ra1 43. Rh7 Re1+ 44. Kd5 Re3 45. Kc5 Rf3 46. Kxb4 Rxf5
47. Kc5 Rf2 48. b4 Rc2 49. Kd5 Rc3 50. Rh1 Ra3 51. b5 Ra4 52. Rb1 Ra8 53. b6
Rd8+ 54. Ke4 Ke7 55. b7 Rb8 56. Bd5 Kd6 57. Rb6+ Ke7 1/2-1/2

[Event "16th 4NCL Congress"]
[Site "Coventry"]
[Date "2017.11.04"]
[Round "2"]
[Board "17"]
[White "Robinson, Brian"]
[Black "Somton, Anita"]
[Result "0-1"]
[WhiteElo "1593"]
[BlackElo "1796"]
[PlyCount "38"]
[EventDate "2017.11.03"]
[EventRounds "5"]
[EventCountry "ENG"]

1. d4 Nf6 2. Nc3 d5 3. Bg5 g6 4. Nf3 Bg7 5. Qd2 Ne4 6. Qd3 Nxg5 7. Nxg5 O-O 8.
O-O-O e5 9. h4 exd4 10. Nb5 c5 11. Qg3 Nc6 12. h5 h6 13. Nf3 g5 14. Nc7 Rb8 15.
e3 g4 16. Nh4 Be5 17. f4 Bxc7 18. Be2 Qf6 19. Bxg4 Qg7 0-1

[Event "16th 4NCL Congress"]
[Site "Coventry"]
[Date "2017.11.04"]
[Round "2"]
[Board "18"]
[White "Shenbagakumar, Gautham"]
[Black "Nandi, Robin J"]
[Result "0-1"]
[WhiteElo "1569"]
[BlackElo "1794"]
[PlyCount "64"]
[EventDate "2017.11.03"]
[EventRounds "5"]
[EventCountry "ENG"]

1. e4 e5 2. Nf3 Nc6 3. Bc4 Nf6 4. Ng5 Bc5 5. Nxf7 Bxf2+ 6. Kf1 Qe7 7. Nxh8 d5
8. exd5 Nd4 9. Be2 Nxe2 10. Qxe2 Bh4 11. h3 Bd7 12. Nf7 Qxf7 13. Kg1 O-O-O 14.
d3 e4 15. Nd2 Re8 16. dxe4 Nxe4 17. Nxe4 Rxe4 18. Qf3 Qe7 19. Bf4 g5 20. Bd2
Re2 21. Bc3 Re3 22. Qf6 Qe4 23. Qh8+ Be8 24. Qd4 Bf2+ 25. Kh2 Rxh3+ 26. gxh3
Bxd4 27. Bxd4 Qxd4 28. Rhe1 Qf2+ 29. Kh1 Bh5 30. Re8+ Bxe8 31. Rg1 Bh5 32. Rg2
Bf3 0-1

[Event "16th 4NCL Congress"]
[Site "Coventry"]
[Date "2017.11.04"]
[Round "2"]
[Board "19"]
[White "Milton, Peter"]
[Black "Gogia, Armaan"]
[Result "0-1"]
[WhiteElo "1784"]
[BlackElo "1545"]
[PlyCount "124"]
[EventDate "2017.11.03"]
[EventRounds "5"]
[EventCountry "ENG"]

1. e4 c5 2. Nf3 d6 3. d4 cxd4 4. Nxd4 Nf6 5. Nc3 a6 6. Be3 e5 7. Nf3 Qc7 8. h3
h6 9. Be2 Be7 10. a4 O-O 11. a5 Be6 12. O-O Nbd7 13. Bd3 Rfb8 14. Na4 Qc6 15.
Re1 Bd8 16. b4 b5 17. axb6 Nxb6 18. Nxb6 Bxb6 19. Bxb6 Rxb6 20. Qd2 Rab8 21. c3
Bc4 22. Qe2 Be6 23. Rec1 Kh7 24. Nd2 Nd7 25. Rxa6 Rxa6 26. Bxa6 Rxb4 27. Bd3
Rb2 28. Qe3 Nc5 29. Bc2 Qa6 30. Nf3 Qa2 31. Ne1 Bb3 32. Bxb3 Qxb3 33. Qf3 Qe6
34. Nd3 Nxd3 35. Qxd3 Qf6 36. Qe3 Kg6 37. Kh2 Rxf2 38. c4 Qf4+ 39. Qxf4 Rxf4
40. Re1 Rf2 41. Rd1 Rf6 42. Rd3 Re6 43. g4 Kf6 44. h4 Ke7 45. Ra3 Rf6 46. g5
hxg5 47. hxg5 Rf2+ 48. Kg3 Rc2 49. Ra4 Rc3+ 50. Kf2 Ke6 51. Rb4 f5 52. gxf6
gxf6 53. Ra4 f5 54. exf5+ Kxf5 55. Ke2 e4 56. Ra5+ Kf4 57. Rd5 Rxc4 58. Rxd6
Rc2+ 59. Kd1 Ra2 60. Rd2 Rxd2+ 61. Kxd2 Kf3 62. Ke1 Ke3 0-1

[Event "16th 4NCL Congress"]
[Site "Coventry"]
[Date "2017.11.04"]
[Round "2"]
[Board "20"]
[White "Ireland, David J"]
[Black "Lawrence, Roy A"]
[Result "1-0"]
[WhiteElo "1972"]
[BlackElo "1720"]
[PlyCount "61"]
[EventDate "2017.11.03"]
[EventRounds "5"]
[EventCountry "ENG"]

1. d4 Nf6 2. Nf3 g6 3. Nc3 d5 4. Bf4 c6 5. e3 Bg7 6. Be2 Nbd7 7. Ne5 Qa5 8. Qd2
Qb4 9. Nd3 Qa5 10. h4 h5 11. f3 c5 12. dxc5 Nf8 13. b4 Qd8 14. Ne5 Ne6 15. Bb5+
Kf8 16. O-O Nxf4 17. exf4 e6 18. Rad1 Qc7 19. Rfe1 a6 20. Bd3 Bd7 21. Qe3 Rh6
22. Ne2 Be8 23. Nd4 Rc8 24. Bxg6 Qe7 25. Bd3 Ng8 26. f5 Qxh4 27. c3 Rf6 28.
Ng6+ Rxg6 29. fxg6 Bh6 30. Qe5 Bf4 31. g7+ 1-0

[Event "16th 4NCL Congress"]
[Site "Coventry"]
[Date "2017.11.04"]
[Round "2"]
[Board "21"]
[White "Camp, Syringa Lyn"]
[Black "Nwachukwu, Chino"]
[Result "0-1"]
[WhiteElo "1670"]
[BlackElo "1870"]
[PlyCount "100"]
[EventDate "2017.11.03"]
[EventRounds "5"]
[EventCountry "ENG"]

1. e4 c5 2. d4 cxd4 3. c3 dxc3 4. Nxc3 e6 5. Bc4 Bb4 6. Qb3 Nc6 7. a3 Ba5 8.
Nf3 Nge7 9. O-O O-O 10. Bg5 a6 11. Rac1 b5 12. Bd3 Bb7 13. Rfd1 Bb6 14. Ne2 Rc8
15. Bb1 Na5 16. Rxc8 Bxc8 17. Qd3 f6 18. Bd2 Nc4 19. Bc1 Nc6 20. b3 N4e5 21.
Qc3 Qe7 22. b4 Bb7 23. Ng3 Rc8 24. Qd2 Nxf3+ 25. gxf3 Ne5 26. Kg2 d5 27. Bb2
Nc4 28. Qe2 Nxb2 29. Qxb2 d4 30. Ba2 g6 31. Ne2 f5 32. Nxd4 Rd8 33. Bxe6+ Kf8
34. Nxf5 Qg5+ 35. Kh3 Qh5+ 36. Kg3 Bc7+ 37. f4 Qg5+ 38. Kh3 Qh5+ 39. Kg3 gxf5
40. Rxd8+ Bxd8 41. Qh8+ Ke7 42. Bxf5 Bb6 43. Qe5+ Kf8 44. Qh8+ Kf7 45. Qxh7+
Qxh7 46. Bxh7 Bd4 47. e5 Bb2 48. a4 bxa4 49. Bc2 Bc6 50. Bb3+ axb3 0-1

[Event "16th 4NCL Congress"]
[Site "Coventry"]
[Date "2017.11.04"]
[Round "2"]
[Board "22"]
[White "Potter, Steven"]
[Black "Ross, Stuart"]
[Result "1-0"]
[WhiteElo "1842"]
[BlackElo "1641"]
[PlyCount "75"]
[EventDate "2017.11.03"]
[EventRounds "5"]
[EventCountry "ENG"]

1. d4 d5 2. Bg5 h6 3. Bh4 c6 4. e3 Qb6 5. Qc1 Bf5 6. Nd2 e6 7. Ngf3 Nd7 8. Be2
Be7 9. O-O Ngf6 10. c4 Ne4 11. Bxe7 Kxe7 12. Nh4 Bh7 13. b3 Nxd2 14. Qxd2 Nf6
15. Nf3 Ne4 16. Qb2 Qc7 17. Ne5 f6 18. Nd3 Qd6 19. c5 Qc7 20. b4 Ng5 21. a4 Nf7
22. b5 Nd8 23. a5 cxb5 24. Qxb5 Nc6 25. a6 Rhb8 26. Nb4 Nxb4 27. Qxb4 bxa6 28.
Qa3 Qc6 29. Bxa6 Bc2 30. g3 e5 31. dxe5 Rb3 32. exf6+ gxf6 33. Qa4 Qxc5 34.
Rfc1 Rc3 35. Qa5 Qc6 36. Bb7 Rc5 37. Bxc6 Rxa5 38. Rxa5 1-0

[Event "16th 4NCL Congress"]
[Site "Coventry"]
[Date "2017.11.04"]
[Round "2"]
[Board "23"]
[White "Jackson, Gary C"]
[Black "Frith, Shane S"]
[Result "1/2-1/2"]
[WhiteElo "1812"]
[BlackElo "1603"]
[PlyCount "120"]
[EventDate "2017.11.03"]
[EventRounds "5"]
[EventCountry "ENG"]

1. e4 d5 2. exd5 Nf6 3. Nc3 Nxd5 4. Nxd5 Qxd5 5. Nf3 Nc6 6. c3 e5 7. d3 Bg4 8.
Be2 Bd6 9. O-O O-O 10. b4 e4 11. dxe4 Qxd1 12. Bxd1 Rfe8 13. Nd2 Bxd1 14. Rxd1
Be5 15. Rb1 Bxc3 16. f3 Bxb4 17. Nb3 Bd6 18. Bb2 f6 19. Nd2 Bc5+ 20. Kf1 Rad8
21. Nb3 Bb6 22. Ba3 Kf7 23. Nc5 Bxc5 24. Bxc5 b6 25. Bf2 Ne5 26. Bg3 c5 27. Ke2
Nc6 28. Bf2 Rxd1 29. Rxd1 Rd8 30. Rxd8 Nxd8 31. Kd3 Ke6 32. Kc4 a6 33. a4 Nc6
34. f4 g6 35. Be1 f5 36. e5 g5 37. g3 gxf4 38. gxf4 Nd4 39. a5 bxa5 40. Bxa5
Ne2 41. Bd2 Nd4 42. Be3 Nf3 43. h3 Nh4 44. Kxc5 Ng2 45. Bd2 Nh4 46. Kb6 Nf3 47.
Be3 Nxe5 48. fxe5 Kxe5 49. Kxa6 f4 50. Bc5 f3 51. Kb6 Ke4 52. Kc6 Kd3 53. Kd5
Ke2 54. Ke5 f2 55. Bxf2 Kxf2 56. Kf4 Kg2 57. h4 Kh3 58. Kg5 h6+ 59. Kh5 Kg3 60.
Kxh6 Kxh4 1/2-1/2

[Event "16th 4NCL Congress"]
[Site "Coventry"]
[Date "2017.11.04"]
[Round "2"]
[Board "24"]
[White "Hall, David G"]
[Black "Peev, Georgi"]
[Result "0-1"]
[WhiteElo "1756"]
[BlackElo "1589"]
[PlyCount "116"]
[EventDate "2017.11.03"]
[EventRounds "5"]
[EventCountry "ENG"]

1. d4 d6 2. c4 Nf6 3. Nf3 g6 4. g3 c5 5. Bg2 Bg7 6. O-O cxd4 7. Nxd4 O-O 8. Nc3
a6 9. h3 Qc7 10. b3 Nc6 11. Bb2 Bd7 12. Rc1 e6 13. Qd2 Rfd8 14. Rfd1 Ne7 15.
Ba3 Nc8 16. Kh2 Be8 17. e4 Ra7 18. Bb2 Bc6 19. Qe3 e5 20. Nde2 Qa5 21. a3 Qc7
22. Nd5 Bxd5 23. cxd5 Qb8 24. Rc2 b5 25. Rdc1 Ne7 26. f4 Nd7 27. b4 Rb7 28. h4
Nb6 29. Ba1 Nc4 30. Qf3 f5 31. fxe5 dxe5 32. Bh3 Rf8 33. Qd3 Qd6 34. Ng1 Kh8
35. Nf3 fxe4 36. Qxe4 Qxd5 37. Qxd5 Nxd5 38. Ng5 Bh6 39. Re1 Bxg5 40. hxg5 Re7
41. Re4 Nde3 42. Re2 Kg7 43. R4xe3 Nxe3 44. Rxe3 Rf2+ 45. Kg1 Ra2 46. Bxe5+ Kf7
47. Bg2 Rd2 48. Bc6 Kg8 49. Bf4 Rxe3 50. Bxe3 Rd3 51. Kf2 Kf7 52. Kf3 Rxa3 53.
Kf4 Rc3 54. Be4 Ke6 55. Bc5 a5 56. g4 a4 57. Bc6 a3 58. Bxb5 a2 0-1

[Event "16th 4NCL Congress"]
[Site "Coventry"]
[Date "2017.11.04"]
[Round "2"]
[Board "25"]
[White "Horrell, Stephen A"]
[Black "Royal, Shreyas"]
[Result "0-1"]
[WhiteElo "1568"]
[BlackElo "1724"]
[PlyCount "106"]
[EventDate "2017.11.03"]
[EventRounds "5"]
[EventCountry "ENG"]

1. e4 c5 2. Nc3 Nc6 3. f4 g6 4. Nf3 Bg7 5. Bb5 d6 6. Bxc6+ bxc6 7. O-O e6 8. d3
Ne7 9. Be3 O-O 10. e5 Nd5 11. Bd2 dxe5 12. Nxe5 Nxf4 13. Nxc6 Qc7 14. Bxf4 Qxc6
15. Qf3 Qxf3 16. Rxf3 Bb7 17. Rff1 Bd4+ 18. Kh1 Rfd8 19. Rae1 Bc6 20. Nd1 Rac8
21. b3 Rd7 22. Nf2 a5 23. a4 Bc3 24. Re2 e5 25. Bg3 Bd4 26. Ne4 Bxe4 27. Rxe4
f5 28. Re2 Ra8 29. Be1 e4 30. dxe4 Re7 31. Bh4 Rxe4 32. Rxe4 fxe4 33. Re1 Re8
34. Re2 Rf8 35. h3 e3 36. Kg1 c4 37. bxc4 Rc8 38. Be1 Rxc4 39. Bxa5 Rxa4 40.
Bd8 Ra1+ 41. Kh2 Rf1 42. Bh4 Rf2 43. Rxf2 exf2 44. Bxf2 Bxf2 45. g4 Kf7 46. Kg2
Bc5 47. h4 Be7 48. Kh3 Ke6 49. c4 Ke5 50. Kg3 Kd4 51. g5 Kxc4 52. Kg4 Kd4 53.
h5 Ke5 0-1

[Event "16th 4NCL Congress"]
[Site "Coventry"]
[Date "2017.11.04"]
[Round "3"]
[Board "1"]
[White "Shaw, Meyrick"]
[Black "Burrows, Nick"]
[Result "0-1"]
[WhiteElo "1954"]
[BlackElo "1908"]
[PlyCount "98"]
[EventDate "2017.11.03"]
[EventRounds "5"]
[EventCountry "ENG"]

1. d4 f5 2. g3 e6 3. Bg2 d5 4. Nf3 Nf6 5. Bg5 Nbd7 6. O-O Bd6 7. Nbd2 O-O 8. c4
c6 9. Qc2 Qe8 10. c5 Bc7 11. b4 Ne4 12. Nxe4 fxe4 13. Nd2 Qh5 14. Be3 Nf6 15.
Rfe1 Ng4 16. Nf1 e5 17. Rad1 Nxe3 18. Nxe3 Bh3 19. Bxh3 Qxh3 20. Nf1 Rf6 21.
dxe5 Bxe5 22. f4 Bxf4 23. gxf4 Rg6+ 24. Ng3 Rxg3+ 25. hxg3 Qxg3+ 26. Kh1 Qh3+
27. Kg1 Rf8 28. e3 Rf6 29. Rd2 Qg3+ 30. Kf1 Rh6 31. Rf2 Rh1+ 32. Ke2 Qxf2+ 33.
Kxf2 Rh2+ 34. Kg3 Rxc2 35. Kg4 Rxa2 36. Kf5 Kf7 37. Ke5 Rb2 38. Rh1 h6 39. Rh5
Rxb4 40. Rf5+ Ke7 41. Rh5 Rc4 42. Rh1 Rxc5 43. Ra1 a5 44. f5 h5 45. Rh1 a4 46.
Rxh5 a3 47. Rh1 a2 48. Ra1 Ra5 49. Kd4 Kf6 0-1

[Event "16th 4NCL Congress"]
[Site "Coventry"]
[Date "2017.11.04"]
[Round "3"]
[Board "2"]
[White "De Coverly, Roger D"]
[Black "Ali, Golam S"]
[Result "0-1"]
[WhiteElo "1917"]
[BlackElo "1871"]
[PlyCount "128"]
[EventDate "2017.11.03"]
[EventRounds "5"]
[EventCountry "ENG"]

1. e4 c5 2. Nf3 d6 3. d4 cxd4 4. Nxd4 Nf6 5. Nc3 a6 6. Bg5 e6 7. f4 Be7 8. Qf3
Qc7 9. O-O-O Nc6 10. Nxc6 Qxc6 11. Bd3 b5 12. Rhe1 b4 13. Bxf6 gxf6 14. Ne2 Rb8
15. Kb1 Bb7 16. Nd4 Qc5 17. Qg3 Qh5 18. f5 e5 19. Nb3 Kf8 20. h3 Rg8 21. Qe3
Kg7 22. Na5 Bd8 23. Nxb7 Rxb7 24. Bxa6 Bb6 25. Qe2 Qxe2 26. Bxe2 Bd4 27. g4 Rc7
28. Rd3 Rgc8 29. Rc1 Ra7 30. Rb3 Rca8 31. Rxb4 Rxa2 32. c3 Be3 33. Rd1 Ra1+ 34.
Kc2 Rxd1 35. Bxd1 Ra1 36. Be2 Rh1 37. Bc4 Rxh3 38. Rb7 Kh6 39. Bxf7 Kg5 40. Bh5
Kf4 41. Rb4 Rh2+ 42. Kb3 h6 43. Ka4 Bc5 44. Rb7 Kxe4 45. b4 Be3 46. Kb5 Rc2 47.
c4 Kd4 48. Bf7 Kc3 49. Kc6 Bd4 50. b5 e4 51. Re7 Be5 52. g5 hxg5 53. b6 e3 54.
b7 Rb2 55. Bh5 Kd3 56. Kc7 Kxc4 57. Be2+ Kc3 58. b8=Q Rxb8 59. Kxb8 Kd2 60. Bf3
e2 61. Bxe2 Kxe2 62. Kc7 g4 63. Kd7 g3 64. Ke6 g2 0-1

[Event "16th 4NCL Congress"]
[Site "Coventry"]
[Date "2017.11.04"]
[Round "3"]
[Board "3"]
[White "Somton, Anita"]
[Black "Bennett, Dominic L"]
[Result "0-1"]
[WhiteElo "1796"]
[BlackElo "1953"]
[PlyCount "80"]
[EventDate "2017.11.03"]
[EventRounds "5"]
[EventCountry "ENG"]

1. e4 c5 2. Nc3 d6 3. f4 e6 4. Nf3 a6 5. d4 cxd4 6. Qxd4 Nf6 7. Be3 Be7 8.
O-O-O Qc7 9. h3 b5 10. e5 dxe5 11. Nxe5 O-O 12. Be2 Bb7 13. Bf3 Bxf3 14. gxf3
Rc8 15. Rh2 Nc6 16. Nxc6 Qxc6 17. Ne4 Nxe4 18. Qxe4 Qc4 19. Kb1 Bf6 20. Rhd2 g6
21. Bd4 Bxd4 22. Rxd4 Qc5 23. Rd7 Qf5 24. Qxf5 exf5 25. b3 Re8 26. Kb2 h5 27.
R1d6 Kg7 28. Rc6 Re2 29. Rcc7 Rf8 30. Rd6 Rh2 31. Rxa6 Rxh3 32. Rc3 h4 33. Rd6
Rg3 34. Rd1 h3 35. Re3 Rh8 36. Rh1 Rc8 37. a4 b4 38. a5 Rg2 39. a6 h2 40. Ree1
Rcxc2+ 0-1

[Event "16th 4NCL Congress"]
[Site "Coventry"]
[Date "2017.11.04"]
[Round "3"]
[Board "4"]
[White "Nandi, Robin J"]
[Black "Vann, Richard P"]
[Result "1-0"]
[WhiteElo "1794"]
[BlackElo "1930"]
[PlyCount "57"]
[EventDate "2017.11.03"]
[EventRounds "5"]
[EventCountry "ENG"]

1. d4 d5 2. c4 Nc6 3. cxd5 Qxd5 4. Nf3 e5 5. Nc3 Bb4 6. dxe5 Qxd1+ 7. Kxd1 Bxc3
8. bxc3 Bg4 9. Bf4 O-O-O+ 10. Kc2 Nge7 11. e3 h6 12. Bc4 Rhf8 13. Nd4 Na5 14.
Bd3 a6 15. Nb3 Nac6 16. f3 Bh5 17. Rad1 Rde8 18. Nc5 Bg6 19. e4 Ng8 20. Bc4 Rd8
21. Nxa6 bxa6 22. Bxa6+ Kb8 23. Be3 Na5 24. Rb1+ Ka8 25. Rb5 Ne7 26. Rxa5 Nc6
27. Ra4 Rd5 28. Rb1 Na5 29. Bb7+ 1-0

[Event "16th 4NCL Congress"]
[Site "Coventry"]
[Date "2017.11.04"]
[Round "3"]
[Board "5"]
[White "Mcewan, Peter"]
[Black "Tandon, Rohan"]
[Result "1-0"]
[WhiteElo "1898"]
[BlackElo "1472"]
[PlyCount "89"]
[EventDate "2017.11.03"]
[EventRounds "5"]
[EventCountry "ENG"]

1. d4 Nf6 2. Bf4 d5 3. Nf3 e6 4. e3 c5 5. c3 Be7 6. h3 O-O 7. Bd3 Nbd7 8. O-O
cxd4 9. exd4 Nb6 10. Nbd2 Bd7 11. Ne5 Rc8 12. Qe2 Be8 13. Rae1 Nfd7 14. Qh5 f5
15. Qe2 Nxe5 16. Bxe5 Bd6 17. Bxd6 Qxd6 18. Qxe6+ Qxe6 19. Rxe6 g6 20. f4 Na4
21. Rb1 Rc6 22. Rxc6 bxc6 23. Bc2 c5 24. Bxa4 Bxa4 25. b3 Bb5 26. dxc5 Rc8 27.
b4 Re8 28. Nf3 Re3 29. Nd4 Bc4 30. Rc1 Bxa2 31. Kf2 Re4 32. g3 a6 33. Nc2 Kf7
34. Ne3 d4 35. cxd4 Rxd4 36. c6 Be6 37. c7 Bc8 38. Nc4 Ke7 39. Ke3 Re4+ 40. Kd3
Kd7 41. Nb6+ Ke8 42. Nxc8 Re6 43. Na7 Rd6+ 44. Ke3 Re6+ 45. Kf3 1-0

[Event "16th 4NCL Congress"]
[Site "Coventry"]
[Date "2017.11.04"]
[Round "3"]
[Board "6"]
[White "Hamilton, Douglas"]
[Black "Di-Vetta, Andrew"]
[Result "1/2-1/2"]
[WhiteElo "1881"]
[BlackElo "1611"]
[PlyCount "133"]
[EventDate "2017.11.03"]
[EventRounds "5"]
[EventCountry "ENG"]

1. c4 e5 2. g3 Nc6 3. Bg2 Nf6 4. Nc3 Bc5 5. e3 a6 6. Nge2 d6 7. a3 Ba7 8. d3
Rb8 9. O-O Bd7 10. b4 Ne7 11. a4 Bc6 12. e4 Bd7 13. h3 Nc6 14. Ba3 Nd4 15. Nxd4
Bxd4 16. Rc1 Ba7 17. b5 O-O 18. bxa6 bxa6 19. Nd5 Bd4 20. Qc2 c5 21. Nxf6+ Qxf6
22. Rb1 Rfc8 23. a5 Qd8 24. Qd2 Qc7 25. Kh2 f6 26. Rfc1 Rb7 27. Bf3 Rcb8 28.
Rxb7 Qxb7 29. Bd1 Qc8 30. h4 Rb7 31. f3 Qb8 32. Bc2 Bb2 33. Bxb2 Rxb2 34. Qc3
Ba4 35. Kh3 Bxc2 36. Rxc2 Rb3 37. Qd2 Qb4 38. Qxb4 cxb4 39. c5 dxc5 40. Rxc5
Rc3 41. Rd5 b3 42. Rd8+ Kf7 43. Rd7+ Kg6 44. d4 exd4 45. Rxd4 Rxf3 46. Rb4 Rc3
47. Kg4 h5+ 48. Kf4 Rc5 49. Rxb3 Rxa5 50. Rb8 Ra1 51. Ra8 a5 52. Kf3 a4 53. Ra5
a3 54. Kg2 a2 55. Ra7 Re1 56. Rxa2 Rxe4 57. Ra7 Re3 58. Kf2 Rb3 59. Kg2 Rb4 60.
Kf3 Rg4 61. Ra6 Kh7 62. Ra7 f5 63. Rf7 Kg6 64. Rf8 Ra4 65. Kf2 Ra2+ 66. Kf3 Ra1
67. Kf2 1/2-1/2